1/ Calendrier de l'Avent - Nombres - Statistiques

Statistiques générales
  • Ce quiz a été pris 192 fois
  • Le résultat moyen est 18 sur 24
Statistiques - réponses
Indice Nombre % Correct
Saisons 4
99%
Adam et Eve 2
98%
Apôtres 12
94%
Mousquetaires 3
92%
Nains 7
92%
Fête nationale en France 14
91%
De minuit à minuit 24
91%
Doigts de la main 5
90%
SAMU 15
85%
Police 17
85%
Terre 1
77%
Majorité 18
77%
Chromosomes 23
76%
Prénom de pape 6
74%
Nombre de symphonies de Beethoven 9
73%
Fin de la 1ère Guerre mondiale 11
70%
Vlà les flics 22
68%
Atout au tarots 21
67%
Downing street 10
62%
Ardennes 8
60%
Colonies américaines 13
57%
Noces de saphir 16
57%
Shillings dans une livre 20
57%
Bar du golf 19
48%
Aucun quiz correspondant
Distribution des résultats
% des personnes avec chaque résultat
Percentile par nombre de réponses
Votre historique - résultats
Vous n’avez pas pris ce quiz